| 000 | 00508nam a2200169Ia 4500 | ||
|---|---|---|---|
| 999 |
_c21215 _d21215 |
||
| 003 | OSt | ||
| 005 | 20200618150049.0 | ||
| 008 | 190216s9999||||xx |||||||||||||| ||und|| | ||
| 020 | _a9780761994800 | ||
| 040 | _coclc | ||
| 082 |
_a954.052 _bDES/C |
||
| 100 |
_aDesouza, Peter Ronald _93060 |
||
| 245 | 0 |
_aContemporary India Transations / _cPeter Ronald Desouza |
|
| 260 |
_bSage Publications, _aNew Delhi: _c2002. |
||
| 300 | _a388p | ||
| 942 |
_cBK _2ddc _h954.052 _iDES/C _k954.052 _mDES/C |
||